|
|
|
|
| LEADER |
01312nam a2200337 a 4500 |
| 001 |
6079 |
| 003 |
BD-DhAAL |
| 005 |
20150518100500.0 |
| 008 |
150518s1998 nyua 001 0deng |
| 010 |
|
|
|a 98008720
|
| 020 |
|
|
|a 0471295388 (alk. paper)
|
| 040 |
|
|
|a DLC
|c DLC
|d DLC
|d BD-DhAAL
|
| 050 |
0 |
0 |
|a E839.5
|b .O28 1998
|
| 082 |
0 |
0 |
|a 973.92
|2 21
|
| 100 |
1 |
|
|a Obst, David.
|9 11097
|
| 245 |
1 |
0 |
|a Too good to be forgotten :
|b changing America in the '60s and '70s /
|c David Obst.
|
| 260 |
|
|
|a New York :
|b J. Wiley & Sons,
|c c1998.
|
| 300 |
|
|
|a v, 282 p. :
|b ill. ;
|c 24 cm.
|
| 500 |
|
|
|a Includes index.
|
| 541 |
|
|
|e 6079
|
| 600 |
1 |
0 |
|a Obst, David.
|9 11098
|
| 650 |
|
0 |
|a Vietnam War, 1961-1975.
|9 5867
|
| 650 |
|
0 |
|a Watergate Affair, 1972-1974.
|9 11099
|
| 650 |
|
0 |
|a Journalists
|z United States
|v Biography.
|9 8684
|
| 651 |
|
0 |
|a United States
|x Politics and government
|y 1961-1963.
|9 11100
|
| 651 |
|
0 |
|a United States
|x Politics and government
|y 1963-1969.
|9 10907
|
| 651 |
|
0 |
|a United States
|x Politics and government
|y 1969-1974.
|9 5869
|
| 651 |
|
0 |
|a United States
|x Social conditions
|y 1960-1980.
|9 11101
|
| 942 |
|
|
|2 ddc
|c BK
|
| 999 |
|
|
|c 34429
|d 34429
|
| 952 |
|
|
|0 0
|1 0
|2 ddc
|4 0
|6 973_920000000000000_OBS
|7 0
|9 53754
|a SCL
|b SCL
|c GEN
|d 2015-05-18
|e Gift: The Asia Foundation
|l 0
|o 973.92 OBS
|p 3020006079
|r 2019-07-11
|t 1
|w 2015-05-18
|y BK
|